000 00587nam a22002057a 4500
005 20251014143739.0
008 251014b |||||||| |||| 00| 0 eng d
020 _a978-81-7534-634-5
040 _aNational Science Library
_cNational Science Library
080 _aR 349.2
_bP7
100 _aKumar, H L
245 _aPractical guide to workmen's compensation act and rules
250 _a4th ed.
260 _aDelhi:
_bUniversal Law Publishing Co. Pvt. Ltd.,
_c2007
300 _axxxiv, 246p.
650 _aLaw
650 _aOccupation
650 _aEmployment
942 _2udc
_cBK
999 _c67827
_d67827